| 000 | 01953ncm1a2200325 i 4500 | ||
|---|---|---|---|
| 001 | RU\NLR\ONIZ\227458 | ||
| 005 | 20241221122520.0 | ||
| 035 | _a(NLR Aleph) 012218498 | ||
| 090 |
_a10920409 _c10920409 |
||
| 100 | _a20200130g19021913|||y0rusy50 ca | ||
| 101 | 0 | _arus | |
| 102 | _aRU | ||
| 125 | _aax | ||
| 128 | _achr | ||
| 145 | 0 | _au | |
| 200 | 1 |
_aДуховно-музыкальныя произведения _bНоты _e[для хоров разного состава] _fсвященник М. А. Лисицын |
|
| 210 |
_aС.-Петербург _cсобственность автора [М. А. Лисицын] _aС. Петербург _gлит. Г. Шмидт _eС. Петербург _d[1902-1913] |
||
| 215 | _d28 см | ||
| 313 | _aСистематизация документа проведена по изданию - Методика классифицирования музыкальных произведений (нотных изданий) по таблицам Библиотечно-библиографических классификаций : метод. рекомендации / Гос. б-ка СССР им. В.И. Ленина.- М., 1977. Индексу ББК методических рекомендаций присваивается код ББК для научных библиотек - LBC/SL | ||
| 606 | 1 |
_aДуховная музыка русская _z20 в. _jНоты _2nlr_sh |
|
| 606 | 1 |
_aЦерковная музыка православная _z20 в. _jНоты _2nlr_sh |
|
| 686 |
_aЩ99(28)я44 _vLBC/SL _2rubbk |
||
| 700 | 1 |
_9z01790 _aЛисицын _bМ. А. _cкомпозитор _f1872-1918 _gМихаил Андреевич _4230 _7ca |
|
| 790 | 1 |
_9z01700 _aLisicyn _bM. A. _cкомпозитор _f1872-1918 _gMichail Andreevič _4230 _7ba |
|
| 801 | 0 |
_aRU _bNLR _c20200130 _gPSBO |
|
| 801 | 1 |
_aRU _bNLR _c20200130 _2rusmarc |
|
| 801 | 2 |
_aRU _bNLR _c20200325 |
|
| 942 | _cSCORE | ||
| 980 | _aONIZ | ||